[Event "HUN-chT2 Asztalos 0809"]
[Site "Hungary"]
[Date "2009.02.08"]
[Round "7"]
[White "Szijarto, Andras"]
[Black "Osztobanyi, Zoltan"]
[Result "1/2-1/2"]
[WhiteElo "2071"]
[BlackElo "2153"]
[PlyCount "54"]
[EventDate "2008.10.26"]
[EventType "team-tourn"]
[EventRounds "11"]
[EventCountry "HUN"]
[SourceTitle "EXT 2010"]
[Source "ChessBase"]
[SourceDate "2010.11.25"]
[SourceVersion "1"]
[SourceVersionDate "2010.11.25"]
[SourceQuality "1"]
[WhiteTeam "Nagyatad"]
[BlackTeam "Dunaujvaros"]
[WhiteTeamCountry "HUN"]
[BlackTeamCountry "HUN"]

1. Nf3 Nf6 2. d4 g6 3. Bf4 Bg7 4. e3 b6 5. Bd3 Bb7 6. Nbd2 d6 7. c3 Nbd7 8. Qc2 c5 9. h4 Rc8 10. a3 cxd4 11. exd4 Nd5 12. Be3 Nxe3 13. fxe3 Nf6 14. 0-0-0 Ng4 15. Nf1 Bh6 16. Re1 Kf8 17. h5 Kg7 18. Qe2 f5 19. Nh4 e6 20. hxg6 hxg6 21. Nxg6 Kxg6 22. Qxg4+ Qg5 23. Qxg5+ Bxg5 24. Rxh8 Rxh8 25. g4 Rh3 26. gxf5+ exf5 27. Kd2 Bg2 1/2-1/2

[Event "HUN-chT2 Breyer 0506"]
[Site "Hungary"]
[Date "2005.11.27"]
[Round "4"]
[White "Banhazi, Istvan"]
[Black "Osztobanyi, Zoltan"]
[Result "1-0"]
[WhiteElo "2123"]
[BlackElo "2178"]
[PlyCount "25"]
[EventDate "2005.10.16"]
[EventType "team"]
[EventRounds "11"]
[EventCountry "HUN"]
[SourceTitle "EXT 2009"]
[Source "ChessBase"]
[SourceDate "2008.11.26"]
[SourceVersion "1"]
[SourceVersionDate "2008.11.26"]
[SourceQuality "1"]
[WhiteTeam "MAFC"]
[BlackTeam "Kiraly Sakk"]
[WhiteTeamCountry "HUN"]
[BlackTeamCountry "HUN"]

1. d4 Nf6 2. c4 c5 3. d5 b5 4. cxb5 a6 5. e3 g6 6. Nc3 Bg7 7. Nf3 d6 8. Be2 0-0 9. 0-0 Bb7 10. e4 Nbd7 11. a4 Ne8 12. Ra3 Nc7 13. b6 1-0

[Event "HUN-chT2 Asztalos 0405"]
[Site "Hungary"]
[Date "2005.04.10"]
[Round "10"]
[White "Osztobanyi, Zoltan"]
[Black "Kis, Jozsef1111"]
[Result "0-1"]
[WhiteElo "2192"]
[BlackElo "2122"]
[PlyCount "102"]
[EventDate "2004.09.26"]
[EventType "team"]
[EventRounds "11"]
[EventCountry "HUN"]
[SourceTitle "EXT 2009"]
[Source "ChessBase"]
[SourceDate "2008.11.26"]
[SourceVersion "1"]
[SourceVersionDate "2008.11.26"]
[SourceQuality "1"]
[WhiteTeam "Kiraly Sakk"]
[BlackTeam "Paks II"]
[WhiteTeamCountry "HUN"]
[BlackTeamCountry "HUN"]

1. d4 Nf6 2. Nf3 c5 3. d5 d6 4. c4 g6 5. Nc3 Bg7 6. e4 0-0 7. Be2 e6 8. 0-0 exd5 9. cxd5 Re8 10. Nd2 Na6 11. f3 Nc7 12. a4 b6 13. Nc4 Ba6 14. Bf4 Bf8 15. Qd2 Nh5 16. Bg5 Be7 17. Bxe7 Qxe7 18. g4 Nf6 19. Bd3 Nd7 20. Qf4 Bxc4 21. Bxc4 Ne5 22. b3 Rab8 23. Nb5 Nxb5 24. axb5 Rb7 25. Ra2 g5 26. Qg3 Ng6 27. Rfa1 h6 28. Ra6 Rd8 29. R6a2 Rdd7 30. Ra6 Qf6 31. Qf2 Nf4 32. Bf1 Rbc7 33. Qe3 Re7 34. Bc4 Kg7 35. R1a2 Ng6 36. Be2 Qe5 37. Qc1 Qd4+ 38. Kf1 c4 39. bxc4 Ne5 40. R6a4 Rc5 41. Qa1 Qe3 42. Rxa7 Rxa7 43. Rxa7 Qf4 44. Kg2 Kg6 45. Ra8 Qd2 46. Kf1 Qf4 47. Rg8+ Kf6 48. Qa8 Nxc4 49. Qd8+ Ke5 50. Re8+ Kd4 51. Qa8 Ne3+ 0-1

[Event "HUN-chT2 Asztalos 0405"]
[Site "Hungary"]
[Date "2004.11.21"]
[Round "3"]
[White "Kiss, Lajos"]
[Black "Osztobanyi, Zoltan"]
[Result "1-0"]
[WhiteElo "1952"]
[BlackElo "2192"]
[PlyCount "43"]
[EventDate "2004.09.26"]
[EventType "team"]
[EventRounds "11"]
[EventCountry "HUN"]
[SourceTitle "EXT 2009"]
[Source "ChessBase"]
[SourceDate "2008.11.26"]
[SourceVersion "1"]
[SourceVersionDate "2008.11.26"]
[SourceQuality "1"]
[WhiteTeam "Koppany"]
[BlackTeam "Kiraly Sakk"]
[WhiteTeamCountry "HUN"]
[BlackTeamCountry "HUN"]

1. d4 Nf6 2. Nc3 d5 3. Bg5 Nbd7 4. Nf3 g6 5. e3 Bg7 6. Bd3 0-0 7. 0-0 c5 8. Re1 b6 9. e4 dxe4 10. Nxe4 cxd4 11. Nxd4 Bb7 12. c3 Rc8 13. Qe2 Re8 14. Rad1 Qc7 15. Nxf6+ Bxf6 16. Bxf6 exf6 17. Qxe8+ Rxe8 18. Rxe8+ Kg7 19. Re7 Qc8 20. Bb5 Ne5 21. Ne6+ Kh6 22. Rd8 1-0

[Event "HUN-chT2 Asztalos 0304"]
[Site "Hungary"]
[Date "2004.04.04"]
[Round "10"]
[White "Ivan, Zoltan"]
[Black "Osztobanyi, Zoltan"]
[Result "1/2-1/2"]
[WhiteElo "2214"]
[BlackElo "2187"]
[PlyCount "28"]
[EventDate "2003.08.29"]
[EventType "team"]
[EventRounds "11"]
[EventCountry "HUN"]
[SourceTitle "EXT 2009"]
[Source "ChessBase"]
[SourceDate "2008.11.26"]
[SourceVersion "1"]
[SourceVersionDate "2008.11.26"]
[SourceQuality "1"]
[WhiteTeam "Komlo Banyasz"]
[BlackTeam "Kiraly Sakk"]
[WhiteTeamCountry "HUN"]
[BlackTeamCountry "HUN"]

1. d4 Nf6 2. c4 c5 3. d5 b5 4. Nf3 Bb7 5. Qc2 e6 6. e4 bxc4 7. Bxc4 exd5 8. exd5 d6 9. 0-0 Be7 10. Nc3 Nbd7 11. Bg5 0-0 12. Rad1 h6 13. Bh4 Nb6 14. b3 a6 1/2-1/2

[Event "HUN-chT2 Asztalos 0304"]
[Site "Hungary"]
[Date "2004.02.22"]
[Round "8"]
[White "Horvath, Sandor2222"]
[Black "Osztobanyi, Zoltan"]
[Result "1/2-1/2"]
[WhiteElo "2096"]
[BlackElo "2187"]
[PlyCount "43"]
[EventDate "2003.08.29"]
[EventType "team"]
[EventRounds "11"]
[EventCountry "HUN"]
[SourceTitle "EXT 2009"]
[Source "ChessBase"]
[SourceDate "2008.11.26"]
[SourceVersion "1"]
[SourceVersionDate "2008.11.26"]
[SourceQuality "1"]
[WhiteTeam "Fehervar"]
[BlackTeam "Kiraly Sakk"]
[WhiteTeamCountry "HUN"]
[BlackTeamCountry "HUN"]

1. Nf3 Nf6 2. g3 g6 3. b3 Bg7 4. Bb2 0-0 5. Bg2 c5 6. c4 Nc6 7. 0-0 d6 8. d3 Rb8 9. Nbd2 Bd7 10. Ne4 Nxe4 11. Bxg7 Nxf2 12. Rxf2 Kxg7 13. Qd2 h6 14. Raf1 e5 15. e3 Qa5 16. Qb2 b5 17. Rd1 Kg8 18. Nd2 Bg4 19. Rdf1 Nb4 20. Qc3 Bf5 21. Ne4 Rbd8 22. Nf6+ 1/2-1/2

[Event "HUN-chT2 Asztalos 0304"]
[Site "Hungary"]
[Date "2003.11.30"]
[Round "4"]
[White "Osztobanyi, Zoltan"]
[Black "Horvath, Gabor2222"]
[Result "1/2-1/2"]
[WhiteElo "2187"]
[BlackElo "2152"]
[PlyCount "32"]
[EventDate "2003.08.29"]
[EventType "team"]
[EventRounds "11"]
[EventCountry "HUN"]
[SourceTitle "EXT 2009"]
[Source "ChessBase"]
[SourceDate "2008.11.26"]
[SourceVersion "1"]
[SourceVersionDate "2008.11.26"]
[SourceQuality "1"]
[WhiteTeam "Kiraly Sakk"]
[BlackTeam "Koppany"]
[WhiteTeamCountry "HUN"]
[BlackTeamCountry "HUN"]

1. d4 f5 2. c4 Nf6 3. g3 g6 4. Bg2 Bg7 5. Nc3 d6 6. Nh3 c6 7. d5 e5 8. dxe6 Bxe6 9. Qd3 Na6 10. b3 Nc5 11. Qc2 Nfe4 12. Bb2 Qa5 13. Rc1 0-0 14. 0-0 Nxc3 15. Bxc3 Bxc3 16. Qxc3 Qxa2 1/2-1/2

[Event "HUN-chT2 Asztalos 0304"]
[Site "Hungary"]
[Date "2003.10.05"]
[Round "2"]
[White "Osztobanyi, Zoltan"]
[Black "Mihalecz, Attila"]
[Result "1-0"]
[WhiteElo "2187"]
[BlackElo "2122"]
[PlyCount "73"]
[EventDate "2003.08.29"]
[EventType "team"]
[EventRounds "11"]
[EventCountry "HUN"]
[SourceTitle "EXT 2009"]
[Source "ChessBase"]
[SourceDate "2008.11.26"]
[SourceVersion "1"]
[SourceVersionDate "2008.11.26"]
[SourceQuality "1"]
[WhiteTeam "Kiraly Sakk"]
[BlackTeam "Nagyatad"]
[WhiteTeamCountry "HUN"]
[BlackTeamCountry "HUN"]

1. d4 Nf6 2. Nf3 e6 3. Bg5 d5 4. e3 Be7 5. Bd3 Ne4 6. Bxe7 Qxe7 7. c3 Nd7 8. 0-0 0-0 9. Nbd2 f5 10. c4 c6 11. Rc1 g5 12. Ne1 Ndf6 13. f3 Nxd2 14. Qxd2 e5 15. e4 f4 16. cxd5 cxd5 17. exd5 Nxd5 18. Bc4 Be6 19. Nc2 Nb6 20. Bxe6+ Qxe6 21. Rfe1 Rfd8 22. b3 Qd5 23. Re4 exd4 24. Qxd4 Qxd4+ 25. Nxd4 Rd7 26. Rce1 Nd5 27. Re5 h6 28. Nf5 Kh7 29. Re6 Ne3 30. Rxh6+ Kg8 31. Nxe3 fxe3 32. Rxe3 Kg7 33. Rhe6 Rad8 34. Kf2 Kf7 35. Kg3 Kg7 36. Kg4 Rd2 37. Re2 1-0

[Event "HUN-chT2 Charousek 0203"]
[Site "Hungary"]
[Date "2003.04.13"]
[Round "11.7"]
[White "Csolig, Robert"]
[Black "Osztobanyi, Zoltan"]
[Result "0-1"]
[WhiteElo "2125"]
[BlackElo "2220"]
[PlyCount "68"]
[EventDate "2002.09.22"]
[EventType "team"]
[EventRounds "11"]
[EventCountry "HUN"]
[SourceTitle "EXT 2004"]
[Source "ChessBase"]
[SourceDate "2003.11.25"]
[SourceVersion "1"]
[SourceVersionDate "2003.11.25"]
[SourceQuality "1"]
[WhiteTeam "Geniusz Tata"]
[BlackTeam "Kiraly Sakk"]
[WhiteTeamCountry "HUN"]
[BlackTeamCountry "HUN"]

1. e4 c5 2. Nf3 d6 3. d4 cxd4 4. Nxd4 Nf6 5. Nc3 a6 6. Bg5 e6 7. f4 Qb6 8. Nb3 Nbd7 9. Qf3 Qc7 10. 0-0-0 b5 11. Bd3 Bb7 12. Rhe1 Be7 13. Qg3 b4 14. Nb1 e5 15. f5 a5 16. c4 a4 17. N3d2 d5 18. exd5 Bxd5 19. Re2 Nh5 20. Qh4 Nhf6 21. Bc2 Bb7 22. b3 axb3 23. axb3 Ra1 24. Nf3 Bxf3 25. gxf3 0-0 26. Rg2 Kh8 27. Rdg1 Rg8 28. Qe1 Qa5 29. Kd2 Nc5 30. Ke2 Qa2 31. Qd2 Rd8 32. Qxb4 Qxc2+ 33. Bd2 Rxb1 34. Rxb1 Qxb1 0-1

[Event "HUN-chT2 Charousek 0203"]
[Site "Hungary"]
[Date "2003.01.19"]
[Round "5.7"]
[White "Osztobanyi, Zoltan"]
[Black "Poor, Sandor"]
[Result "1/2-1/2"]
[WhiteElo "2220"]
[BlackElo "2222"]
[PlyCount "155"]
[EventDate "2002.09.22"]
[EventType "team"]
[EventRounds "11"]
[EventCountry "HUN"]
[SourceTitle "EXT 2004"]
[Source "ChessBase"]
[SourceDate "2003.11.25"]
[SourceVersion "1"]
[SourceVersionDate "2003.11.25"]
[SourceQuality "1"]
[WhiteTeam "Kiraly Sakk"]
[BlackTeam "Penzugyor"]
[WhiteTeamCountry "HUN"]
[BlackTeamCountry "HUN"]

1. Nf3 Nf6 2. c4 e6 3. g3 d5 4. Bg2 c6 5. b3 Nbd7 6. Bb2 Bd6 7. 0-0 0-0 8. d4 Ne4 9. Nbd2 Nxd2 10. Nxd2 b5 11. e4 bxc4 12. bxc4 Rb8 13. Qc2 Bb4 14. cxd5 cxd5 15. exd5 exd5 16. Nf3 Ba6 17. Rfc1 Bc4 18. Ne5 Nxe5 19. dxe5 Qb6 20. Bc3 Bc5 21. Rab1 Qa6 22. Rxb8 Rxb8 23. Rb1 Rd8 24. Rb2 Ba3 25. Rb3 d4 26. Bd2 d3 27. Qb1 Bxb3 28. Qxb3 Bc5 29. Bd5 Rf8 30. Kg2 Qb6 31. Qxb6 axb6 32. f4 Rd8 33. Bb3 Kf8 34. Kf3 Ke7 35. Ke4 Rd4+ 36. Ke3 f6 37. exf6+ gxf6 38. g4 h6 39. h3 h5 40. gxh5 Rd5+ 41. Ke4 Rxh5 42. Kxd3 Rxh3+ 43. Ke4 Rh5 44. f5 Rh4+ 45. Kf3 Kd6 46. Bf4+ Kc6 47. Bd2 Bd4 48. Bc1 Be5 49. Bd2 Kc5 50. Be3+ Bd4 51. Bd2 Rh2 52. Be1 b5 53. Be6 Rc2 54. Bb3 Rb2 55. Be6 Be5 56. Ke3 Rh2 57. Kd3 Rh3+ 58. Ke4 Bc3 59. Bf2+ Kb4 60. Kd5 Ka3 61. Bc5+ b4 62. Kc6 Rh4 63. Kb5 Kb2 64. Bc4 Rf4 65. Be6 Kc2 66. Kc6 Kd3 67. Kb5 Rh4 68. Bd6 Bd2 69. Be7 Bc3 70. Bd6 Rh8 71. Ka4 Ra8+ 72. Kb5 Ke4 73. Kb6 Rd8 74. Bc5 Rd1 75. Kb5 Rb1 76. Ka4 Ke5 77. Kb5 Rb2 78. Ka4 1/2-1/2